Audiencia del jefe del estado
Publicado:
San Jorge, núm. 89 (1r trimestre 1973), pàg 56 :
MARC
| LEADER | 00000nam a2200000Ia 4500 | ||
|---|---|---|---|
| 001 | |||
| 008 | 160829s9999 xx 000 0 cat d | ||
| 245 | |a Audiencia del jefe del estado | ||
| 260 | |a San Jorge, núm. 89 (1r trimestre 1973), pàg 56 | ||
| 600 | 1 | 0 | |a Franco Bahamonde, Francisco, |d 1892-1975 |9 54184 |
| 650 | |a Condecoracions |9 41866 | ||
| 650 | 0 | |a Ponts |z Llobregat (Catalunya : Curs d'aigua) |9 41867 | |
| 901 | |a Arxiu | ||
| 942 | |n 1 | ||
| 952 | |0 0 |1 0 |4 0 |7 1 |9 50521 |a Arxiu |b Arxiu |d 2016-12-01 |l 0 |r 2016-12-01 00:00:00 |w 2016-12-01 |y ARXIU | ||
| 999 | |c 54363 |d 54363 | ||